¿Pueden converger las estrategias nacionales de negociación colectiva en la UEM? /
ISBN:
1133-8962
Descripción Física:
43 p. ; 21 cm
Materias:
Unions monetàries -- Europa
; Negociacions col·lectives de treball -- Europa I
; Unió Europea
Idioma:
Catalán
MARC
| LEADER | 00000nam a2200000Ia 4500 | ||
|---|---|---|---|
| 001 | 19805 | ||
| 005 | 20260324180022.0 | ||
| 008 | 160829s2003 spc xx cat c | ||
| 020 | |a 1133-8962 | ||
| 040 | |a AGDB | ||
| 080 | |a FU-10-58 | ||
| 100 | 1 | |a Nonell, Rosa |9 44013 | |
| 245 | 1 | 1 | |a ¿Pueden converger las estrategias nacionales de negociación colectiva en la UEM? / |c Rosa Nonell |
| 260 | |a Barcelona : |b Institut de Ciències Polítiques i Socials, |c 2003 | ||
| 300 | |a 43 p. ; |c 21 cm | ||
| 490 | 1 | |a Working papers / Institut de Ciències Polítiques i Socials ; |v 224 | |
| 590 | |a Bibliografia | ||
| 650 | |a Unions monetàries |x Europa |9 44014 | ||
| 650 | |a Negociacions col·lectives de treball |x Europa I |9 44015 | ||
| 650 | |a Unió Europea |9 9344 | ||
| 710 | 2 | |a Institut de Ciències Polítiques i Socials (Barcelona, Catalunya) |9 55871 | |
| 830 | 0 | |9 56044 |a Working papers (Institut de Ciències Polítiques i Socials (Barcelona, Catalunya)) |v 224 | |
| 901 | |a Arxiu | ||
| 942 | |n 1 |2 udc |c ARXIU | ||
| 952 | |0 0 |1 0 |4 0 |6 FU1058 |7 1 |9 51735 |a Arxiu |b Arxiu |d 2016-12-01 |l 0 |o FU-10-58 |p 19805 |r 2016-12-01 00:00:00 |w 2016-12-01 |y ARXIU | ||
| 999 | |c 55581 |d 55581 | ||